| 000 | 01216nam0a22003011 4500 | ||
|---|---|---|---|
| 001 | v19\rc\1943920 | ||
| 005 | 20260406143647.0 | ||
| 035 | _a(NLR Aleph) 005029854 | ||
| 090 |
_a6679281 _c6679281 |
||
| 100 | _a20080428d1913 u y0rusy50 ca | ||
| 101 | 0 | _arus | |
| 102 | _aRU | ||
| 105 | _aac b |||a| | ||
| 200 | 1 |
_aВечер басен Крылова _eЛит. собр. учеников 1 кл. под руководством классн. наставника М.П. Смирнова _eПрогр. и кат. _fМоск. 5 классич. гимназия. 19 март/31 13 |
|
| 210 |
_a[Москва _d1913] |
||
| 215 |
_a[16] с., 3 л. ил. _cпортр. |
||
| 702 | 1 |
_4570 _8rus _7ca _aКрылов _bИ. А. _cбаснописец _f1769-1844 _gИван Андреевич _3RU\NLR\AUTH\772707 _9112715 |
|
| 702 | 1 |
_aСмирнов _bМ. П. _4570 |
|
| 712 | 0 | 2 |
_aМосковская мужская гимназия _c5 _3RU\NLR\AUTH\889922867 _9341678 |
| 801 | 0 |
_aRU _bNLR _gpsbo |
|
| 801 | 0 |
_aRU _bRuMoRGB _2psbo |
|
| 801 | 1 |
_aRU _bProSoft-M _2rusmarc |
|
| 801 | 2 |
_aRU _bNLR _c20130405 _2rusmarc |
|
| 852 |
_aNLR _j38.77.1.1393 |
||
| 899 |
_aRuMoRGB _jГр |
||
| 899 |
_aRuMoRGB _jV 119/1191 |
||
| 942 | _cBOOK | ||
| 980 | _aNB | ||